The constitution of Kenya : (Record no. 1539)

MARC details
000 -LEADER
fixed length control field 02279cam a2200481 i 4500
001 - CONTROL NUMBER
control field data
005 - DATE AND TIME OF LATEST TRANSACTION
control field 20260322212105.0
008 - FIXED-LENGTH DATA ELEMENTS--GENERAL INFORMATION
fixed length control field data
035 ## - SYSTEM CONTROL NUMBER
System control number 21316166
010 ## - LIBRARY OF CONGRESS CONTROL NUMBER
LC control number 2019350919
020 ## - INTERNATIONAL STANDARD BOOK NUMBER
International Standard Book Number 9789966054265
020 ## - INTERNATIONAL STANDARD BOOK NUMBER
International Standard Book Number 996605426X
035 ## - SYSTEM CONTROL NUMBER
System control number (OCoLC)1108336998
040 ## - CATALOGING SOURCE
Original cataloging agency HVL
Language of cataloging eng
Transcribing agency HVL
Description conventions rda
Modifying agency DLC
-- DLC
042 ## - AUTHENTICATION CODE
Authentication code lcode
-- lcode
043 ## - GEOGRAPHIC AREA CODE
Geographic area code f-ke---
050 00 - LIBRARY OF CONGRESS CALL NUMBER
Classification number KSK1744.5201
Item number .F73 2019
100 1# - MAIN ENTRY--PERSONAL NAME
Personal name Franceschi, Luis G.,
Relator term author.
240 10 - UNIFORM TITLE
Uniform title Constitution of Kenya, 2010
245 14 - TITLE STATEMENT
Title The constitution of Kenya :
Remainder of title a commentary /
Statement of responsibility, etc. Luis G Franceschi, PLO Lumumba.
250 ## - EDITION STATEMENT
Edition statement Second edition.
264 #1 - PRODUCTION, PUBLICATION, DISTRIBUTION, MANUFACTURE, AND COPYRIGHT NOTICE
Place of production, publication, distribution, manufacture Nairobi :
Name of producer, publisher, distributor, manufacturer Strathmore University Press,
Date of production, publication, distribution, manufacture, or copyright notice 2019.
300 ## - PHYSICAL DESCRIPTION
Extent xx, 817 pages ;
Dimensions 24 cm
336 ## - CONTENT TYPE
Content type term text
Content type code txt
Source rdacontent
337 ## - MEDIA TYPE
Media type term unmediated
Media type code n
Source rdamedia
338 ## - CARRIER TYPE
Carrier type term volume
Carrier type code nc
Source rdacarrier
504 ## - BIBLIOGRAPHY, ETC. NOTE
Bibliography, etc. note Includes bibliographical references and index.
505 0# - FORMATTED CONTENTS NOTE
Formatted contents note Introduction -- The Constitution of Kenya: Historical appraisal -- Constitution preamble -- Sovereignty of the people and supremacy of the Constitution -- The Republic -- Citizenship -- The Bill of Rights -- Land and environment -- Leadership and integrity -- Representation of the people -- The legislature -- The executive -- Judiciary -- Devolved government -- Public finance -- The public service -- National security -- Commissions and independent offices -- Amendment of the Constitution -- General provisions -- Transitional and consequential provisions.
650 #0 - SUBJECT ADDED ENTRY--TOPICAL TERM
Topical term or geographic name entry element Constitutions
Geographic subdivision Kenya.
650 #0 - SUBJECT ADDED ENTRY--TOPICAL TERM
Topical term or geographic name entry element Constitutional law
Geographic subdivision Kenya.
650 #7 - SUBJECT ADDED ENTRY--TOPICAL TERM
Topical term or geographic name entry element Constitutional law.
Source of heading or term fast
Authority record control number or standard number (OCoLC)fst00875797
650 #7 - SUBJECT ADDED ENTRY--TOPICAL TERM
Topical term or geographic name entry element Constitutions.
Source of heading or term fast
Authority record control number or standard number (OCoLC)fst00875851
651 #7 - SUBJECT ADDED ENTRY--GEOGRAPHIC NAME
Geographic name Kenya.
Source of heading or term fast
Authority record control number or standard number (OCoLC)fst01208718
655 #7 - INDEX TERM--GENRE/FORM
Genre/form data or focus term Constitutions.
Source of term lcgft
655 #7 - INDEX TERM--GENRE/FORM
Genre/form data or focus term Law commentaries.
Source of term lcgft
700 1# - ADDED ENTRY--PERSONAL NAME
Personal name Lumumba, Patrick L. O.,
Relator term author.
710 12 - ADDED ENTRY--CORPORATE NAME
Corporate name or jurisdiction name as entry element Kenya.
Title of a work Constitution (2010)
775 08 - OTHER EDITION ENTRY
Relationship information Revision of:
Main entry heading Lumumba, Patrick L. O.
Title Constitution of Kenya, 2010.
Place, publisher, and date of publication Nairobi : Strathmore University Press, 2014
International Standard Book Number 9789966054050
Record control number (OCoLC)889425226
-- (OCoLC)889425226
906 ## - LOCAL DATA ELEMENT F, LDF (RLIN)
a 7
b cbc
c copycat
d 2
e ncip
f 20
g y-gencatlg
925 0# -
-- acquire
-- 1 shelf copy
-- policy default
985 ## -
-- ODE-nb
Holdings
Withdrawn status Lost status Damaged status Not for loan Home library Current library Shelving location Date acquired Total checkouts Full call number Barcode Date last seen Price effective from Koha item type
        Liberty Liberty General stacks 22/03/2026   KSK1744.5201 LOC-LPL-00002 22/03/2026 22/03/2026 Books